[Event "45th Sparkassen Open"]
[Site "Dortmund GER"]
[Date "2017.07.23"]
[Round "9.13"]
[White "Gijsen, Stief"]
[Black "Finke, Dominik"]
[Result "1-0"]
[WhiteElo "2194"]
[BlackElo "1987"]
[WhiteFideId "207535"]
[BlackFideId "16202511"]
[EventDate "2017.07.15"]

1. e4 e5 2. Nf3 Nc6 3. Bb5 a6 4. Ba4 Nf6 5. O-O Be7 6. d3 b5 7. Bb3 d6 8. a4 b4
9. a5 O-O 10. Nbd2 Be6 11. Nc4 Nd7 12. Be3 Bg4 13. c3 bxc3 14. bxc3 Kh8 15. h3
Bxf3 16. Qxf3 Bg5 17. Qg3 Bxe3 18. Nxe3 Ne7 19. Bc4 f5 20. exf5 Nxf5 21. Nxf5
Rxf5 22. Qg4 Rf4 23. Qe6 Rc8 24. Bxa6 Ra8 25. Bc4 Nc5 26. Qd5 1-0

[Event "45th Sparkassen Open"]
[Site "Dortmund GER"]
[Date "2017.07.23"]
[Round "9.14"]
[White "Goossens, Hanne"]
[Black "Wuebker, Paul-Luca"]
[Result "1-0"]
[WhiteTitle "WFM"]
[WhiteElo "2175"]
[BlackElo "2042"]
[WhiteFideId "200468"]
[BlackFideId "12939528"]
[EventDate "2017.07.15"]

1. e4 c5 2. Nf3 d6 3. d4 cxd4 4. Nxd4 Nf6 5. Nc3 g6 6. Be3 Bg7 7. f3 O-O 8. Bc4
Nc6 9. Qd2 Bd7 10. O-O-O Rb8 11. h4 b5 12. Ndxb5 Ne5 13. Be2 Qa5 14. Nd4 Rfc8
15. Nb3 Rxb3 16. cxb3 Qxa2 17. Bc4 Nxc4 18. Nxa2 Nxd2+ 19. Kxd2 Be6 20. Nc3 Bxb3
21. Ra1 d5 22. exd5 Nxd5 23. Nxd5 Bxd5 24. Rxa7 Bxb2 25. Rb1 Bf6 26. Bg5 Rd8 27.
Kc2 Be6 28. g4 Rc8+ 29. Kd2 Rd8+ 30. Ke1 Bc3+ 31. Kf1 f6 32. Be3 Bd5 33. Kf2 Kf7
34. Rd1 Bb4 35. Rc7 Bd6 36. Ra7 Be6 37. Rd2 Ke8 38. Rb7 f5 39. gxf5 Bxf5 40. Bg5
Bc5+ 41. Kg2 Rxd2+ 42. Bxd2 Bd4 43. Bg5 Bc5 44. h5 Bd6 45. h6 Be6 46. Ra7 Bd5
47. Ra4 Bc6 48. Rc4 Bd7 49. Bf4 Bxf4 50. Rxf4 Bf5 51. Rb4 Kf7 52. Rb6 g5 53. Kg3
e6 54. Rb2 Kg6 55. Rh2 Kf6 56. Kf2 Bg6 57. Ke3 Kf5 58. Rb2 e5 59. Rb6 Bf7 60.
Rb8 Bg6 61. Rg8 Kf6 62. Rg7 Bf5 63. Ra7 Kg6 64. Ra6+ Kh5 65. Rf6 Bg6 66. Re6
Kxh6 67. Rxe5 Bf7 68. Ke4 Kg6 69. Ra5 Kf6 70. Rf5+ Kg6 71. Ke5 h5 72. Rf6+ Kg7
73. Rb6 h4 74. Kf5 Bh5 75. Rb7+ Kh6 76. Rb6+ Kg7 77. Kxg5 Bxf3 78. Rg6+ Kh7 79.
Rh6+ Kg7 80. Rxh4 Bd5 81. Ra4 Kf7 82. Kf5 Be6+ 83. Ke5 Bb3 84. Rf4+ Kg6 85. Rf6+
Kg7 86. Kf5 Bd5 87. Kg5 Bg2 88. Rf2 Bd5 89. Rd2 Be6 90. Rc2 Kf7 91. Rc7+ Ke8 92.
Kf6 Kd8 93. Rg7 Bd7 94. Ke5 Kc8 95. Kd6 Bf5 96. Rc7+ Kb8 97. Kc6 Be4+ 98. Kb6
Bb1 99. Rc1 Ba2 100. Rc2 Bb3 101. Rb2 Be6 102. Re2 Bd7 103. Rh2 1-0

[Event "45th Sparkassen Open"]
[Site "Dortmund GER"]
[Date "2017.07.23"]
[Round "9.15"]
[White "Meiser, Markus"]
[Black "Delere, Adrian"]
[Result "1/2-1/2"]
[WhiteElo "2145"]
[BlackElo "1805"]
[WhiteFideId "4617827"]
[BlackFideId "12990400"]
[EventDate "2017.07.15"]

1. d4 f5 2. g3 Nf6 3. Bg2 e6 4. Nf3 d5 5. O-O c6 6. Ne5 Bd6 7. Nd3 Nbd7 8. Bf4
Qc7 9. Nd2 O-O 10. c4 Ne4 11. Rc1 Bxf4 12. Nxf4 Ndf6 13. e3 Qe7 14. Nd3 Bd7 15.
f3 Nd6 16. Re1 Be8 17. c5 Nb5 18. a4 Nc7 19. Qb3 Rb8 20. Ne5 Bf7 21. Qc3 Nd7 22.
e4 Nxe5 23. dxe5 Bg6 24. exf5 exf5 25. f4 Ne6 26. Nf3 Bh5 27. Nd4 h6 28. Rc2 Kh7
29. Rf2 Nxc5 30. b4 Ne4 31. Bxe4 dxe4 32. Qc5 Qxc5 33. bxc5 Bg6 34. g4 Rfd8 35.
Nxf5 Bxf5 36. gxf5 Rd4 37. Rfe2 e3 38. Rxe3 Rxf4 39. Rf1 Rxa4 40. f6 Rg4+ 41.
Kh1 gxf6 42. exf6 Rf8 43. Re7+ Kg6 44. Rg7+ Kh5 45. Rxb7 Rg6 46. f7 Rg5 47. Rxa7
Rxc5 48. Rg1 Rg5 49. Rc7 Rxg1+ 50. Kxg1 Kg6 51. Rxc6+ Kg7 52. Rc7 Rxf7 53. Rxf7+
Kxf7 1/2-1/2

[Event "45th Sparkassen Open"]
[Site "Dortmund GER"]
[Date "2017.07.23"]
[Round "9.16"]
[White "Ramien, David"]
[Black "Van Cappellen, Jonas"]
[Result "0-1"]
[WhiteElo "2070"]
[BlackElo "2141"]
[WhiteFideId "12948241"]
[BlackFideId "263796"]
[EventDate "2017.07.15"]

1. e4 c5 2. Nf3 e6 3. d4 cxd4 4. Nxd4 a6 5. Bd3 Bc5 6. Nb3 Be7 7. Qg4 g6 8. Qe2
d6 9. O-O Nd7 10. a4 b6 11. Na3 Bb7 12. Nc4 Qc7 13. Rd1 h5 14. f4 d5 15. exd5
Bxd5 16. a5 b5 17. Nb6 Nxb6 18. axb6 Qxb6+ 19. Be3 Qc7 20. Rxa6 Rxa6 21. Bxb5+
Rc6 22. Rxd5 exd5 23. Bd4 Rh7 24. Qe5 Kf8 25. Qxd5 Rxc2 26. Be5 Qd8 27. Qf3 Qb6+
28. Nd4 Bf6 0-1

[Event "45th Sparkassen Open"]
[Site "Dortmund GER"]
[Date "2017.07.23"]
[Round "9.17"]
[White "Sandten, Ulrich"]
[Black "Steinle, Carsten"]
[Result "1-0"]
[WhiteElo "2064"]
[BlackElo "2237"]
[WhiteFideId "4644930"]
[BlackFideId "24676462"]
[EventDate "2017.07.15"]

1. e4 e6 2. d3 b5 3. f4 Bb7 4. Nf3 c5 5. Be2 Nc6 6. O-O Qb6 7. Be3 Nf6 8. h3 d5
9. e5 d4 10. Bf2 Nd5 11. g3 Be7 12. Na3 a6 13. Qd2 h6 14. c4 Ndb4 15. Nh2 Na5
16. b3 Rb8 17. g4 Nbc6 18. Rab1 b4 19. Nc2 Kd7 20. Bg3 Qd8 21. Bf3 Bh4 22. Qf2
Bxg3 23. Qxg3 Qc7 24. Rbe1 g6 25. Rf2 Rbg8 26. Nf1 h5 27. Nd2 hxg4 28. hxg4 f5
29. exf6 g5 30. Ne4 gxf4 31. Nxc5+ Kc8 32. Qg2 Ne5 33. Rxe5 Qxe5 34. Bxb7+ Kc7
35. Nxa6+ Kb6 36. Naxb4 Qxf6 37. Bf3 Rh4 38. Kf1 Rgh8 39. Ke2 Rh3 40. Kd2 Rg3
41. Qf1 Nb7 42. Qe2 Nc5 43. Nc6 Re8 44. Ne5 Qe7 45. b4 Nb7 46. Qe4 1-0

[Event "45th Sparkassen Open"]
[Site "Dortmund GER"]
[Date "2017.07.23"]
[Round "9.18"]
[White "Wilke, Werner"]
[Black "Garbuz, Vitaliy"]
[Result "1/2-1/2"]
[WhiteElo "2225"]
[BlackElo "1989"]
[WhiteFideId "1600826"]
[BlackFideId "12990710"]
[EventDate "2017.07.15"]

1. e4 e5 2. Nc3 Nf6 3. g3 d5 4. exd5 Nxd5 5. Bg2 Nxc3 6. bxc3 Nc6 7. Ne2 Bc5 8.
O-O O-O 9. d3 Bg4 10. h3 Be6 11. c4 Qd7 12. Kh2 Rad8 13. Rb1 Bxc4 14. Be3 Bxe3
15. fxe3 Bxa2 16. Rxb7 Bd5 17. Bxd5 Qxd5 18. Nc3 Qa5 19. Qa1 Qc5 20. Rxc7 Qb6
21. Rxc6 Qxc6 22. Rf2 Qc5 23. Qe1 f5 24. Na4 Qe7 25. Qa5 f4 26. gxf4 exf4 27. e4
Qh4 28. Rf3 Rd6 29. Nc3 Qe1 30. Qc5 Rg6 31. Nd5 Rg3 32. Ne7+ Kh8 33. Nf5 Rg8 34.
Nxg3 fxg3+ 35. Rxg3 Qd2+ 36. Kh1 Qd1+ 37. Kg2 a5 38. Rf3 a4 39. Rf8 Qd2+ 40. Kg3
Qe1+ 41. Qf2 Qb4 1/2-1/2

[Event "45th Sparkassen Open"]
[Site "Dortmund GER"]
[Date "2017.07.23"]
[Round "9.19"]
[White "Koellner, Christof"]
[Black "Kartsev, Nikolaj"]
[Result "1-0"]
[WhiteElo "2131"]
[BlackElo "1827"]
[WhiteFideId "4635787"]
[BlackFideId "12939536"]
[EventDate "2017.07.15"]

1. d4 Nf6 2. Bg5 Ne4 3. Bf4 d5 4. e3 e6 5. Bd3 Bd6 6. Bxe4 Bxf4 7. Bd3 Bd6 8.
Qg4 Qf6 9. f4 Nc6 10. Qe2 Nb4 11. Nf3 Nxd3+ 12. cxd3 b6 13. Qc2 Bb7 14. Qa4+ c6
15. O-O O-O 16. Nc3 Rfc8 17. Rac1 c5 18. dxc5 Rxc5 19. d4 Rc4 20. Qd7 Qe7 21.
Qxe7 Bxe7 22. Ne5 Rcc8 23. Nb5 f6 24. Nc7 Rab8 25. Nd7 Bd6 26. Nb5 Rxc1 27. Rxc1
Rd8 28. Nxd6 Rxd7 29. Nb5 Ba6 30. Nc7 Bc4 31. Nxe6 Kf7 32. f5 g6 33. b3 Bd3 34.
Rc7 Rxc7 35. Nxc7 Bxf5 36. Nxd5 Bb1 37. Nc3 Bd3 38. Kf2 Ke6 39. e4 Kd6 40. Ke3
Bf1 41. g3 b5 42. a3 a6 43. Kf4 Bd3 44. b4 Bc2 45. g4 h6 46. h4 Bd3 47. g5 fxg5+
48. hxg5 h5 49. e5+ Kc7 50. Nd5+ Kd7 51. Ne3 Bc4 52. Ke4 Be6 53. d5 Bh3 54. Kd4
h4 55. Kc5 Ke8 56. Kd6 Bf5 57. Nf1 h3 58. Nh2 Kd8 59. e6 Ke8 60. Ke5 Kd8 61. d6
Kc8 62. Kf6 Kd8 63. Kf7 1-0

[Event "45th Sparkassen Open"]
[Site "Dortmund GER"]
[Date "2017.07.23"]
[Round "9.20"]
[White "Ambartsumjan, Evgeny"]
[Black "Runte, Moritz"]
[Result "1/2-1/2"]
[WhiteElo "2122"]
[BlackElo "1862"]
[WhiteFideId "34140643"]
[BlackFideId "12991449"]
[EventDate "2017.07.15"]

1. e4 c5 2. Nf3 Nc6 3. d4 cxd4 4. Nxd4 g6 5. Nc3 Bg7 6. Nb3 Nf6 7. Be2 O-O 8.
O-O a5 9. a4 Nb4 10. Bf3 d6 11. Nb5 Bd7 12. N5d4 Rc8 13. c3 Nc6 14. g3 Ne5 15.
Bg2 Nc4 16. Re1 Qb6 17. h3 Rfd8 18. Bf1 e5 19. Nb5 Bxb5 20. axb5 d5 21. exd5
Rxd5 22. Qc2 Rxb5 23. Bxc4 Rxc4 24. Be3 Qc7 25. Nd2 Rc6 26. c4 Rb4 27. b3 Nd5
28. Qa2 Nxe3 29. Rxe3 Bh6 30. Rd3 Bxd2 31. Qxd2 Rcb6 32. Rxa5 Rxb3 33. Ra8+ Kg7
34. Rdd8 Rb1+ 35. Kh2 Qc6 36. Rg8+ Kf6 37. Qd8+ Kf5 38. g4+ Ke4 39. Qd2 R6b3 40.
Rgc8 Qf6 41. Qd5+ Kf4 42. Rc7 R3b2 43. Qc5 Kg5 44. Qe3+ Qf4+ 45. Qxf4+ exf4 46.
Kg2 f3+ 47. Kxf3 Rf1 48. Kg3 Rbxf2 49. Ra5+ Kf6 50. g5+ Ke6 51. Rxb7 Rf3+ 52.
Kg2 R3f2+ 53. Kg3 1/2-1/2

[Event "45th Sparkassen Open"]
[Site "Dortmund GER"]
[Date "2017.07.23"]
[Round "9.21"]
[White "Bork, Sophie"]
[Black "Harringer, Manfred"]
[Result "0-1"]
[WhiteElo "1858"]
[BlackElo "1979"]
[WhiteFideId "12905429"]
[BlackFideId "12958336"]
[EventDate "2017.07.15"]

1. e4 e5 2. Nf3 Nc6 3. Bc4 Nf6 4. d3 Be7 5. a4 d6 6. h3 O-O 7. O-O h6 8. Be3 d5
9. exd5 Nxd5 10. Qd2 Be6 11. Re1 Nxe3 12. Qxe3 Bxc4 13. dxc4 Re8 14. Nc3 Bb4 15.
Rad1 Qc8 16. Re2 Bxc3 17. Qxc3 Qe6 18. Red2 f6 19. b4 Rad8 20. b5 Rxd2 21. Rxd2
Nb8 22. a5 Nd7 23. c5 Nf8 24. Nh2 Re7 25. Ng4 Rd7 26. Rd3 c6 27. b6 a6 28. Ne3
Rxd3 29. Qxd3 Qd7 30. Qd6 Qxd6 31. cxd6 Ne6 32. c3 Kf7 33. Kf1 Nc5 34. Nf5 Ne6
35. Ne7 Nd8 36. c4 c5 37. Ke2 Ke6 38. Kd3 Nf7 39. Nd5 Nxd6 40. f3 Ne8 41. Ke4
f5+ 42. Kd3 g6 43. Ke3 Nf6 44. Nc7+ Kd6 45. g4 Ng8 46. Kf2 Ne7 47. gxf5 gxf5 48.
Kg3 Nc6 49. Ne8+ Ke7 50. Ng7 f4+ 51. Kg4 Nxa5 52. Nf5+ Ke6 53. Nxh6 Nxc4 54. h4
Nd6 55. h5 a5 56. Kg5 Nf7+ 57. Kg6 Nxh6 58. Kxh6 Kf7 59. Kh7 a4 60. h6 a3 0-1

[Event "45th Sparkassen Open"]
[Site "Dortmund GER"]
[Date "2017.07.23"]
[Round "9.22"]
[White "Heller, Achim"]
[Black "Groneberg, Joerg"]
[Result "0-1"]
[WhiteElo "2118"]
[BlackElo "1973"]
[WhiteFideId "12901300"]
[BlackFideId "12941638"]
[EventDate "2017.07.15"]

1. d4 Nf6 2. c4 g6 3. Nc3 Bg7 4. e4 d6 5. f4 O-O 6. Nf3 c5 7. d5 e6 8. Be2 exd5
9. exd5 Re8 10. O-O Bf5 11. Bd3 Ne4 12. Nxe4 Bxe4 13. Bxe4 Rxe4 14. Ng5 Rxc4 15.
Qe2 Rb4 16. f5 Nd7 17. Nxf7 Qe8 18. Qxe8+ Rxe8 19. fxg6 hxg6 20. Rb1 Bd4+ 21.
Kh1 Nf6 22. Nxd6 Re2 23. a3 Rb3 24. Bf4 Nxd5 25. Bh6 Rexb2 26. Rxb2 Rxb2 27. h4
Nf6 28. Bg5 Ng4 29. Re1 Ne5 30. Bf6 Rb6 31. Bxe5 Bxe5 32. Nc4 Bg3 33. Rd1 Rb3
34. Na5 Rb2 35. Kg1 b6 36. Nc6 a6 37. Kf1 Rf2+ 38. Kg1 Ra2 39. Kf1 Rxa3 40. Ke2
Bxh4 41. Rd7 Bf6 42. Rb7 b5 43. Nb8 b4 44. Rb6 Kf7 45. Nxa6 Be7 46. g4 Rg3 47.
Rb5 Rxg4 48. Kf3 Rc4 49. Rb7 Ke6 50. Rb6+ Kf5 51. Rb7 Rc3+ 52. Ke2 Bf6 53. Rb5
Bd4 54. Nxb4 Rb3 0-1

[Event "45th Sparkassen Open"]
[Site "Dortmund GER"]
[Date "2017.07.23"]
[Round "9.23"]
[White "Althoff, Ralph"]
[Black "Stevens, Titus"]
[Result "1/2-1/2"]
[WhiteElo "2071"]
[BlackElo "1841"]
[WhiteFideId "4623177"]
[BlackFideId "16214331"]
[EventDate "2017.07.15"]

1. e4 g6 2. d4 Bg7 3. f4 c5 4. c3 cxd4 5. cxd4 d6 6. Nc3 Nf6 7. Nf3 O-O 8. Be3
Qa5 9. Qd2 Nbd7 10. Bd3 a6 11. O-O Ng4 12. Nd5 Qd8 13. f5 Nxe3 14. Qxe3 e6 15.
Nc3 Nf6 16. Kh1 b5 17. e5 dxe5 18. dxe5 Ng4 19. Qe4 gxf5 20. Qxa8 Qb6 21. Nd5
exd5 22. Qxd5 Rd8 23. Qb3 Be6 24. Qc2 Ne3 25. Qe2 Rxd3 26. Qxd3 Bc4 27. Qd7 Bxf1
28. Rxf1 Nxf1 29. Ng5 Qg6 30. e6 fxe6 31. Nxe6 Bf6 32. Qc8+ Kf7 33. Qd7+ Be7 34.
Nd8+ Kf8 35. Ne6+ Kf7 36. Nd8+ 1/2-1/2

[Event "45th Sparkassen Open"]
[Site "Dortmund GER"]
[Date "2017.07.23"]
[Round "9.24"]
[White "Boesel, Alexander"]
[Black "Mittelbachert, Ulrich"]
[Result "0-1"]
[WhiteElo "1963"]
[BlackElo "1978"]
[WhiteFideId "4623185"]
[BlackFideId "4634470"]
[EventDate "2017.07.15"]

1. e4 g6 2. d4 Bg7 3. c4 Nc6 4. Be3 e5 5. d5 Nd4 6. f4 c5 7. dxc6 dxc6 8. Nc3
Qb6 9. Bxd4 exd4 10. Na4 Qb4+ 11. Kf2 Nf6 12. Bd3 O-O 13. a3 Qe7 14. Qe2 b5 15.
cxb5 cxb5 16. Bxb5 Ng4+ 17. Ke1 Ne3 18. Bc6 Bg4 19. Nf3 Rac8 20. Rc1 Rxc6 21.
Rxc6 Qxe4 22. Rc1 Re8 23. Kf2 Bd7 24. Qa6 Ng4+ 25. Kg3 Bh6 26. Qd6 Re5 27. Qxd4
Bxf4+ 28. Kh4 g5+ 29. Kh5 Qg6# 0-1

[Event "45th Sparkassen Open"]
[Site "Dortmund GER"]
[Date "2017.07.23"]
[Round "9.25"]
[White "Seref, Serkan"]
[Black "Kolakovic, Klaudio"]
[Result "0-1"]
[WhiteElo "1910"]
[BlackElo "2017"]
[WhiteFideId "16205561"]
[BlackFideId "24645800"]
[EventDate "2017.07.15"]

1. c4 g6 2. Nc3 e5 3. g3 Bg7 4. Bg2 Ne7 5. e4 O-O 6. Nge2 d6 7. d3 Nbc6 8. O-O
Be6 9. f4 Qd7 10. Nd5 Bxd5 11. cxd5 Nd4 12. Nxd4 exd4 13. Qb3 c5 14. dxc6 bxc6
15. f5 Rab8 16. Qc2 gxf5 17. Bh3 Qb7 18. exf5 Nd5 19. Qe2 Rfe8 20. Qg4 Kh8 21.
Qh5 f6 22. Bg2 Ne3 23. Re1 Re7 24. Bd2 Rbe8 25. b3 Qb5 26. Bxe3 dxe3 27. Qe2 d5
28. Rac1 Re5 29. g4 c5 30. Rc2 Bf8 31. Rec1 Bd6 32. Bf1 Qb4 33. Qf3 Qd4 34. Be2
R5e7 35. Qg2 Rg8 36. Qh3 Rxg4+ 37. Bxg4 e2+ 38. Kh1 e1=Q+ 39. Rxe1 Rxe1+ 40. Kg2
Qg1+ 0-1

[Event "45th Sparkassen Open"]
[Site "Dortmund GER"]
[Date "2017.07.23"]
[Round "9.26"]
[White "Borchert, Louis"]
[Black "Nguyen, Lucas"]
[Result "1/2-1/2"]
[WhiteElo "1996"]
[BlackElo "1934"]
[WhiteFideId "12990680"]
[BlackFideId "1049640"]
[EventDate "2017.07.15"]

1. e4 c5 2. c3 d5 3. exd5 Qxd5 4. d4 Nc6 5. Nf3 Bg4 6. Be2 e6 7. h3 Bh5 8. c4
Qd7 9. g4 Bg6 10. d5 Bxb1 11. Rxb1 Nb4 12. a3 Na6 13. Ne5 Qc7 14. Qa4+ Kd8 15.
Bf4 Bd6 16. Nxf7+ Qxf7 17. Bxd6 Nf6 18. Qa5+ Kc8 19. Bxc5 exd5 20. Rc1 Nc7 21.
Bd6 Ne4 22. Qxc7+ Qxc7 23. Bxc7 Kxc7 24. cxd5+ Kd6 25. Bf3 Rae8 26. Bxe4 Rxe4+
27. Kd2 Rf8 28. Rhf1 Rf3 29. Rc3 Ref4 30. Rxf3 Rxf3 31. Ke2 Rxh3 32. Rd1 Rb3 33.
Rd2 Rb5 1/2-1/2

[Event "45th Sparkassen Open"]
[Site "Dortmund GER"]
[Date "2017.07.23"]
[Round "9.27"]
[White "Kasueschke, Lars"]
[Black "Maniocha, Marek"]
[Result "1/2-1/2"]
[WhiteElo "1916"]
[BlackElo "1996"]
[WhiteFideId "12939510"]
[BlackFideId "4636821"]
[EventDate "2017.07.15"]

1. e4 e5 2. Nf3 Nc6 3. Bb5 a6 4. Ba4 Nf6 5. O-O Be7 6. Re1 b5 7. Bb3 d6 8. c3
O-O 9. h3 Nb8 10. d4 Nbd7 11. Nbd2 Bb7 12. Bc2 Re8 13. Nf1 Bf8 14. Ng3 g6 15. a4
c5 16. d5 Bg7 17. b3 bxa4 18. Rxa4 Qc7 19. Qe2 Rec8 20. Bd2 Nb6 21. Ra2 Ra7 22.
Rea1 Rca8 23. Be3 Bc8 24. Ra5 Nfd7 25. Bd3 Nb8 26. b4 Bf8 27. Nd2 Be7 28. Nb3
N6d7 29. Kh1 Kg7 30. f3 Kg8 31. Qf2 Rb7 32. Bxa6 Nxa6 33. Rxa6 Rxa6 34. Rxa6
cxb4 35. Rc6 Qd8 36. Qc2 Nb8 37. Rc4 bxc3 38. Qxc3 Bd7 39. Na5 Rb5 40. Nc6 Nxc6
41. dxc6 Be6 42. Rb4 Rxb4 43. Qxb4 Qc8 44. Qb7 Bd8 45. Ne2 Kg7 46. Nc3 Bxh3 47.
Qxc8 Bxc8 48. Nd5 Ba5 49. Bb6 Bd2 50. Ne7 Ba6 51. c7 Kf6 52. c8=Q Bxc8 53. Nxc8
Ke6 54. Bf2 d5 55. exd5+ Kxd5 56. Nb6+ Ke6 57. Kg1 f5 58. Kf1 h5 59. Ke2 Bb4 60.
Kd3 g5 61. Be3 Be7 62. Nc4 h4 1/2-1/2

[Event "45th Sparkassen Open"]
[Site "Dortmund GER"]
[Date "2017.07.23"]
[Round "9.28"]
[White "Oezen, Alf"]
[Black "Klueting, Reiner"]
[Result "0-1"]
[WhiteElo "1981"]
[BlackElo "1907"]
[WhiteFideId "12985430"]
[BlackFideId "4644760"]
[EventDate "2017.07.15"]

1. d4 Nf6 2. c4 e6 3. Nf3 b6 4. g3 Bb7 5. Bg2 g6 6. O-O Bg7 7. Nc3 d6 8. Qd3
Nbd7 9. e4 e5 10. d5 O-O 11. h3 Nc5 12. Qe2 a5 13. b3 Nfd7 14. Bg5 f6 15. Be3 f5
16. exf5 gxf5 17. Rac1 Qe8 18. Nb5 Rc8 19. Rc2 Qg6 20. Nh4 Qf7 21. g4 f4 22.
Bxc5 Nxc5 23. Rc3 Rce8 24. Nf5 e4 25. Qc2 f3 26. Bxf3 exf3 27. Rxf3 Kh8 28. Qd2
Bc8 29. Nbd4 Ne4 30. Qd3 Ng5 31. Rg3 Qg6 32. f4 Ne4 33. Rg2 Nc5 34. Qd1 Re4 35.
a3 Bxd4+ 36. Nxd4 Rfxf4 37. Rxf4 Rxf4 38. Ne2 Rf8 39. b4 axb4 40. axb4 Nd7 41.
Qd4+ Ne5 42. Nf4 Qf6 0-1

[Event "45th Sparkassen Open"]
[Site "Dortmund GER"]
[Date "2017.07.23"]
[Round "9.29"]
[White "Nasoyan, Maksim"]
[Black "Hartung, Thomas2"]
[Result "1-0"]
[WhiteElo "1860"]
[BlackElo "1979"]
[WhiteFideId "16220331"]
[BlackFideId "4639146"]
[EventDate "2017.07.15"]

1. Nf3 d5 2. g3 c5 3. c4 e6 4. Bg2 Nc6 5. O-O Nf6 6. a3 Be7 7. d3 O-O 8. Nc3 b6
9. cxd5 exd5 10. e4 Bg4 11. Bf4 Rc8 12. h3 dxe4 13. dxe4 Be6 14. Qa4 Bd7 15.
Rad1 Qe8 16. Nd5 Nd4 17. Qxa7 Nxd5 18. exd5 Ne2+ 19. Kh1 Nxf4 20. gxf4 Qd8 21.
d6 Bf6 22. Ne5 Bb5 23. Rfe1 Bh4 24. d7 Rc7 25. Qxb6 Bxd7 26. Nc6 Rxc6 27. Qxd8
Bxd8 28. Rxd7 Rb6 29. Bd5 Rxb2 30. Rxf7 Rd2 31. Rf5+ 1-0

[Event "45th Sparkassen Open"]
[Site "Dortmund GER"]
[Date "2017.07.23"]
[Round "9.30"]
[White "Schuelke, Tilman"]
[Black "Biermann, Lenhard"]
[Result "1-0"]
[WhiteElo "1973"]
[BlackElo "1902"]
[WhiteFideId "4647475"]
[BlackFideId "12970077"]
[EventDate "2017.07.15"]

1. d4 e6 2. c3 c5 3. Nf3 b6 4. Bf4 Nf6 5. h3 Be7 6. e3 O-O 7. a4 Nc6 8. Nbd2 Bb7
9. Be2 Nd5 10. Bh2 f5 11. dxc5 bxc5 12. e4 fxe4 13. Nxe4 Nf4 14. Bxf4 Rxf4 15.
Nd6 Qc7 16. Nxb7 Qxb7 17. Qd2 Raf8 18. O-O g5 19. Nh2 Ne5 20. Ng4 Nxg4 21. Bxg4
Bd8 22. Rad1 R4f7 23. Qe3 c4 24. Bxe6 Bb6 25. Qxg5+ Kh8 26. Bxf7 Rxf7 27. Qd5 1-0

[Event "45th Sparkassen Open"]
[Site "Dortmund GER"]
[Date "2017.07.23"]
[Round "9.31"]
[White "Dyballa, Gerhard"]
[Black "Kagan, Dennis"]
[Result "1/2-1/2"]
[WhiteElo "1957"]
[BlackElo "1902"]
[WhiteFideId "4645189"]
[BlackFideId "12983578"]
[EventDate "2017.07.15"]

1. c4 e6 2. g3 Nf6 3. Bg2 d5 4. Nf3 Be7 5. O-O O-O 6. b3 c5 7. cxd5 Nxd5 8. Bb2
b6 9. d3 Bf6 10. Bxf6 Qxf6 11. Na3 Bb7 12. Nc4 Qe7 13. Rc1 Rd8 14. Qd2 Nc6 15.
Nce5 Rac8 1/2-1/2

[Event "45th Sparkassen Open"]
[Site "Dortmund GER"]
[Date "2017.07.23"]
[Round "9.32"]
[White "Wastian, Jan"]
[Black "Biermann, Florian"]
[Result "1/2-1/2"]
[WhiteElo "1878"]
[BlackElo "1939"]
[WhiteFideId "12911640"]
[BlackFideId "12970069"]
[EventDate "2017.07.15"]

1. e4 c5 2. c3 g6 3. d4 cxd4 4. cxd4 d5 5. e5 Nc6 6. h3 Bg7 7. Nf3 Nh6 8. Be2
Bf5 9. O-O Be4 10. Nc3 Nf5 11. Be3 f6 12. g4 Nxe3 13. fxe3 Bxf3 14. Bxf3 e6 15.
exf6 Bxf6 16. Bg2 O-O 17. Rf2 Bh4 18. Rxf8+ Qxf8 19. Qe2 Qh6 20. Rf1 Be7 21. Rf3
Rd8 1/2-1/2

[Event "45th Sparkassen Open"]
[Site "Dortmund GER"]
[Date "2017.07.23"]
[Round "9.33"]
[White "Fuhlrott, Tim"]
[Black "Jacobi, Niklas"]
[Result "1/2-1/2"]
[WhiteElo "1856"]
[BlackElo "1933"]
[WhiteFideId "16222431"]
[BlackFideId "16244079"]
[EventDate "2017.07.15"]

1. c4 c5 2. Nc3 Nc6 3. g3 g6 4. Bg2 Bg7 5. Nf3 e6 6. d3 Nge7 7. Bg5 O-O 8. Qd2
d6 9. a3 Qa5 10. O-O Nf5 11. e4 Nfd4 12. Nxd4 Nxd4 13. Qd1 a6 14. Bd2 Qc7 15.
Rb1 Rb8 16. Ne2 b5 17. Nxd4 Bxd4 18. cxb5 axb5 19. Bc3 Bxc3 20. bxc3 Qa5 21. Qc2
Bd7 22. f4 1/2-1/2

[Event "45th Sparkassen Open"]
[Site "Dortmund GER"]
[Date "2017.07.23"]
[Round "9.34"]
[White "Elefteriadis, Paul-Gabriel"]
[Black "Sondermann, Dirk"]
[Result "1-0"]
[WhiteElo "1891"]
[BlackElo "2041"]
[WhiteFideId "24626236"]
[BlackFideId "4658116"]
[EventDate "2017.07.15"]

1. Nf3 Nf6 2. c4 g6 3. Nc3 Bg7 4. d4 d6 5. Bg5 O-O 6. e3 Nbd7 7. Be2 c6 8. Qc2
Qc7 9. O-O e5 10. Rac1 Re8 11. Rfd1 h6 12. Bh4 a6 13. dxe5 dxe5 14. Bg3 Nh5 15.
Ne4 Nxg3 16. hxg3 c5 17. Nd6 Re6 18. Qd2 Nf6 19. b4 Ne8 20. Nxc8 Rxc8 21. bxc5
Qxc5 22. Qd5 Re7 23. Qxc5 Rxc5 24. Rd8 Kh7 25. Rcd1 Nf6 26. Nd2 Ra5 27. Ra1 Rd7
28. Rxd7 Nxd7 29. Nb3 Ra3 30. c5 e4 31. Rd1 Ne5 32. Rd2 Nc6 33. Bc4 Nb4 34. Rd7
Rxa2 35. Rxb7 Nd3 36. c6 Rc2 37. Bxa6 Be5 38. Rxf7+ Kg8 39. Rd7 Nxf2 40. c7 Bxc7
41. Nd4 1-0

[Event "45th Sparkassen Open"]
[Site "Dortmund GER"]
[Date "2017.07.23"]
[Round "9.35"]
[White "Dannehr, Juergen"]
[Black "Ciornei, Dragos"]
[Result "1/2-1/2"]
[WhiteElo "1845"]
[BlackElo "2118"]
[WhiteFideId "16211758"]
[BlackFideId "4619200"]
[EventDate "2017.07.15"]

1. Nf3 Nf6 2. g3 g6 3. Bg2 Bg7 4. O-O O-O 5. d4 d6 6. Re1 Nbd7 7. e4 e5 8. Nc3
c6 9. h3 Re8 10. dxe5 dxe5 11. a4 a5 12. Be3 Qc7 13. Nd2 Bf8 14. Qe2 b6 15. Rad1
Nc5 16. Qf3 Nfd7 17. g4 Ba6 18. Bf1 Bxf1 19. Nxf1 Ne6 20. Ne2 Ndc5 21. b3 Rad8
22. Nfg3 Bg7 23. h4 Nd4 24. Nxd4 exd4 25. Bg5 Rd7 26. Kg2 Ne6 27. Bc1 Be5 28.
Ne2 f6 29. Qd3 Kh8 30. f3 c5 31. Rf1 Bf4 32. Bxf4 Nxf4+ 33. Nxf4 Qxf4 34. Qb5
Qd6 35. Rfe1 Rde7 36. Qf1 f5 37. exf5 gxf5 38. Rxe7 Qxe7 39. Qf2 fxg4 40. fxg4
Rf8 41. Qe1 Qf6 42. Qg3 h5 43. Re1 hxg4 44. Qe5 Qxe5 45. Rxe5 Rf3 46. Re6 Rc3
47. Rxb6 Rxc2+ 48. Kg3 c4 49. bxc4 Rxc4 50. Rd6 d3 51. Rxd3 Rxa4 52. Rd7 Rb4 53.
Ra7 a4 54. h5 Rc4 55. Kh4 Rb4 56. Kg3 Kg8 57. Kh4 Kh8 58. Kg3 Kg8 1/2-1/2